00939nam a22002537a 45000010005000000030006000050050017000110080041000280200018000690400029000870500015001160820012001311000022001432450044001652500051002092600037002603000044002975050008003415200237003495210020005865210020006066500033006267000026006595035FISKH20241101115001.0241101b cb ||||| |||| 00| 0 eng d a9780439636537 aFISKHbengcFISKHdFISKH aPZ7.M82712 a823.914 aMorpurgo, Michael aPrivate Peaceful /cby Michael Morpurgo aFirst American paperback edition, January 2006 aNew York : bScholastic ;c2003. a202 pages : billustrations ;c18 cm .  aU  aWhen Thomas Peaceful's older brother is forced to join the British Army, Thomas decides to sign up as well, although he is only fourteen years old, to prove himself to his country, his family, his childhood love, Molly, and himself.8 a860 bLexile 8 aU bRaz-Plus  asoldiersvhistorical fiction aKlaus, Fritzeeditor